A vezetés megjelenése a Magyar Honvédségben

Elmentve itt :
Bibliográfiai részletek
Szerző: Kovács József Teofil
További közreműködők: Vilmányi Márton (Témavezető)
Dokumentumtípus: Szakdolgozat
Megjelent: 2018
Tárgyszavak:
Online Access:http://diploma.bibl.u-szeged.hu/80263
LEADER 00677nta a2200169 i 4500
001 dipl80263
005 20191111123244.0
008 191111s2018 hu om 0|| zxx d
040 |a SZTE Diploma Repozitórium  |b hun 
041 |a zxx 
100 1 |a Kovács József Teofil 
245 1 2 |a A vezetés megjelenése a Magyar Honvédségben  |h [elektronikus dokumentum] /  |c József Teofil Kovács 
246 1 0 |a The appearance of the leadership in the Hungarian Defence Forces  |h [elektronikus dokumentum] 
260 |c 2018 
650 4 |a Gazdaságtudományok 
700 1 |a Vilmányi Márton  |e ths 
856 4 0 |u http://diploma.bibl.u-szeged.hu/id/eprint/80263/1/2018_kovacs_jozsef_teofil.pdf  |z Dokumentum-elérés